Độc đáo Gơrưna của người Cơ Tu /
Sparad:
| Huvudupphovsman: | |
|---|---|
| Materialtyp: | Artikel |
| Språk: | Vietnamese |
| Ämnen: | |
| Taggar: |
Lägg till en tagg
Inga taggar, Lägg till första taggen!
|
| Thư viện lưu trữ: | Thư viện Trường Đại học Đà Lạt |
|---|
| LEADER | 00773nam a2200265 4500 | ||
|---|---|---|---|
| 001 | DLU160176302 | ||
| 005 | ##20160808 | ||
| 040 | # | # | |a DLU |b vie |
| 041 | # | # | |a vie |
| 044 | # | # | |a vn |
| 100 | # | # | |a Nguyễn Văn Gia Phúc. |
| 245 | # | # | |a Độc đáo Gơrưna của người Cơ Tu / |c Nguyễn Văn Gia Phúc. |
| 653 | # | # | |a Đàn Gơrưna |
| 653 | # | # | |a Người CơTu |
| 653 | # | # | |a Quan niệm cổ truyền |
| 773 | # | # | |t Tạp chí Văn hóa các dân tộc |g Số12(226), 2012, tr. 10-11 |
| 920 | # | # | |a Phòng Tạp chí -- Trung tâm Thông tin - Thư viện Trường Đại học Đà Lạt |
| 994 | # | # | |a DLU |
| 900 | # | # | |a True |
| 911 | # | # | |a Nguyễn Thị Mai Anh |
| 925 | # | # | |a G |
| 926 | # | # | |a A |
| 927 | # | # | |a BB |
| 980 | # | # | |a Thư viện Trường Đại học Đà Lạt |